Translated German-Speaking Cities #2 - Statistics

General Stats
  • This quiz has been taken 57 times
  • The average score is 8 of 22
Answer Stats
Word-for-word Translation Actual Name
% Correct
Hall Halle
80%
Nine Churches Neunkirchen
76%
Women Field Frauenfeld
65%
Old Village Altdorf
63%
Pig Ford Schweinfurt
61%
Field Churches Feldkirchen
59%
Kiss Night Küssnacht
53%
Monks Smooth Creek Mönchengladbach
45%
Madeline Castle Magdeburg
35%
Mountainous Smooth Creek Bergisch Gladbach
31%
Thorn Pear Dornbirn
31%
Winter Trip Winterthur
27%
Much Laugh Villach
25%
Dung Bus Cottbus
18%
Sheep Dwell Schaffhausen
18%
Brown Meadow Braunau
16%
Wailing Ford Klagenfurt
14%
Catfish Wels
14%
Season Castle Würzburg
14%
Kid Hill Kitzbühel
4%
Ruhr's Dam Potsdam
4%
Regimen Chur
2%
No matching quizzes found
Score Distribution
Percent of People with Each Score
Percentile by Number Answered
Your Score History
You have not taken this quiz